000 00769nam a2200205 i 4500
001 98861
003 ES-MaACL
005 20250824074918.0
007 t|
008 950919s1874 sp ||||1| spa d
040 _aCAM
_bspa
_cCAM
100 1 _aEchegaray, José,
_d1832-1916
_946526
245 1 3 _aLa esposa del vengador
_b: drama en tres actos y en verso /
_cpor José Echegaray.
260 _aMadrid :
_bAlonso Gullón,
_c1874 (
_fImpr. de José Rodríguez)
300 _a88 p. ;
_c20 cm.
490 1 _aEl Teatro: colección de obras dramáticas y líricas
830 0 3 _aEl teatro: colección de obras dramática y líricas
_9221753
852 _aES-MaACL
_jD-2523(3)
_z.- Enc. en un vol. facticio
_z.- Legado M. de La Fuente
999 _c98861
_d98861